00792nab a2200229 uc450000100070000000500170000700800410002403500110006503500210007604000130009704100080011010000380011824500710015665000410022765000340026865000370030265000450033970000350038477301140041994200100053399900190054355665720241128090138.0991020e19990501 spa  a556657 a(OCoLC)819814318 ccomduadb aspa10aQuelch, John A.4auteaut950225710aDiez pasos para elaborar una estrategia global de recursos humanos 7aEmpresas internacionales2lemb96756 7aRecursos humanos2lemb962771 7aCapital intelectual2lemb928627 7aPlanificación empresarial2lemb92992410aBloom, Helen4auteaut93264860 tHarvard Deusto Business Review (Barcelona)gNúmero 090, Mayo-Junio 1999, p. 26-38w373791z0210900X0112195 cARIMP c136638d136638